000 00648nam a2200217 i 4500
001 102543
003 ES-MaACL
005 20230906183131.0
007 t|
008 051117s1980 sp ||||1| spa d
100 1 _aMerle, Marcel.
_980568
245 1 0 _aSociología de las relaciones internacionales /
_cMarcel Merle; versión de Roberto Mesa.
250 _a[2ª ed.].
260 _aMadrid :
_bAlianza,
_c1980.
300 _a461 p. ;
_c20 cm.
490 1 _aAlianza universidad ;
_v215
700 1 _aMesa, Roberto.
_980634
830 0 _aAlianza universidad ;
_v215
_9177276
852 _aES-MaACL
_jA-10859
_bR.100246
999 _c102543
_d102543